000
002670000a22000970004500
100
1
_a
Hamilton, Tim
245
1
0
_a
School's out : Is it all work and no play in a remote Ethiopian community?
300
_a
Num. 23 (2003), Páginas 4-9
773
0
_t
Teartimes
942
_c
ANA
999
_c
56022
_d
56022